IFM Opac

The management of Libraries (Record no. 19138)

MARC details
000 -LEADER
fixed length control field 00244nam a22001097a 4500
082 ## - DEWEY DECIMAL CLASSIFICATION NUMBER
Classification number 021 LOW
100 ## - MAIN ENTRY--PERSONAL NAME
Personal name Lowell
245 ## - TITLE STATEMENT
Title The management of Libraries
260 ## - PUBLICATION, DISTRIBUTION, ETC.
Place of publication, distribution, etc. India
Name of publisher, distributor, etc. The Scarecrow
Date of publication, distribution, etc. 1968
300 ## - PHYSICAL DESCRIPTION
Extent xvi,359p
Other physical details ill.;23cm
942 ## - ADDED ENTRY ELEMENTS (KOHA)
Koha item type Books
Holdings
Withdrawn status Lost status Damaged status Not for loan Home library Current library Shelving location Date acquired Total Checkouts Full call number Barcode Date last seen Price effective from Koha item type
        IFM Main Campus Library IFM Main Campus Library Archival Collection 03/30/2021   021 LOW 0000012573 10/13/2017 02/19/2022 Books